[Event "Bykova Memorial 4th"]
[Site "Vladimir"]
[Date "2006.12.20"]
[Round "10"]
[White "Savina, Anastasia"]
[Black "Samsonkin, Artiom"]
[Result "0-1"]
[WhiteElo "2140"]
[BlackElo "2362"]
[WhiteFideId "-1"]
[WhiteFideId "-1"]
[PlyCount "152"]
[GameId "1292054103842816"]
[EventDate "2006.12.14"]
[EventType "tourn"]
[EventRounds "14"]
[EventCountry "RUS"]
[EventCategory "1"]
[SourceTitle "EXT 2019"]
[Source "ChessBase"]
[SourceDate "2018.10.10"]
[SourceVersion "1"]
[SourceVersionDate "2018.10.10"]
[SourceQuality "1"]

1. d4 Nf6 2. c4 g6 3. Nc3 Bg7 4. e4 d6 5. Nf3 O-O 6. Be2 e5 7. O-O Na6 8. Be3 Ng4 9. Bg5 Qe8 10. dxe5 dxe5 11. h3 f6 12. Bd2 Nh6 13. c5 Nxc5 14. Qc1 Nf7 15. Nd5 Ne6 16. Nxc7 Nxc7 17. Qxc7 Nd8 18. Bc4+ Be6 19. Rac1 Rf7 20. Bxe6 Nxe6 21. Qc4 Kh8 22. Be3 f5 23. Ng5 Nxg5 24. Bxg5 Rd7 25. Rfd1 h6 26. Rxd7 Qxd7 27. Be3 f4 28. Bc5 Rc8 29. Qf1 Qa4 30. b4 b6 31. Bd6 Rd8 32. Be7 Rd4 33. f3 g5 34. b5 Rd7 35. Rc4 Qxa2 36. Bb4 Qb3 37. Be1 Rd1 38. Rc8+ Kh7 39. Qe2 Rb1 40. Rc7 Rb2 41. Qf1 Rb1 42. Qe2 Rb2 43. Qf1 Qxb5 44. Qxb5 Rxb5 45. Rxa7 Rb1 46. Kf2 Kg6 47. Bc3 Rb3 48. Ba1 Rb5 49. Re7 Kf6 50. Re8 Kf7 51. Rb8 Bf8 52. Ke2 Bd6 53. Rd8 Ke7 54. Rh8 Rb3 55. Rh7+ Kd8 56. Rxh6 Kd7 57. Kd2 Rb1 58. Bc3 Rg1 59. h4 Rxg2+ 60. Ke1 gxh4 61. Rxh4 Rc2 62. Bd2 b5 63. Kd1 Rb2 64. Rh7+ Kc6 65. Rh8 b4 66. Rc8+ Bc7 67. Kc1 Rb3 68. Kc2 Rxf3 69. Bxb4 Kd7 70. Rh8 Re3 71. Rh7+ Kc6 72. Bc3 Rxe4 73. Rf7 Bd6 74. Kd2 Ra4 75. Rf6 Kd5 76. Rf5 Ke4 0-1

[Event "Bykova Memorial 4th"]
[Site "Vladimir"]
[Date "2006.12.21"]
[Round "11"]
[White "Samsonkin, Artiom"]
[Black "Kudris, Vladislav"]
[Result "1-0"]
[WhiteElo "2362"]
[BlackElo "1954"]
[WhiteFideId "-1"]
[WhiteFideId "-1"]
[PlyCount "51"]
[GameId "1292054103851008"]
[EventDate "2006.12.14"]
[EventType "tourn"]
[EventRounds "14"]
[EventCountry "RUS"]
[EventCategory "1"]
[SourceTitle "EXT 2019"]
[Source "ChessBase"]
[SourceDate "2018.10.10"]
[SourceVersion "1"]
[SourceVersionDate "2018.10.10"]
[SourceQuality "1"]

1. e4 c5 2. Nf3 e6 3. d4 cxd4 4. Nxd4 Nf6 5. Bd3 d6 6. O-O a6 7. Qe2 Nbd7 8. c3 Be7 9. f4 O-O 10. e5 Ne8 11. Nd2 Nc5 12. Bc2 Qc7 13. N2f3 b5 14. Bd2 Bb7 15. Rae1 Rc8 16. b4 Nd7 17. f5 Nxe5 18. fxe6 Bf6 19. exf7+ Rxf7 20. Nxe5 dxe5 21. Bb3 Nd6 22. Nf5 Nc4 23. Be3 Rd7 24. Qg4 Kh8 25. Nh4 Nxe3 26. Ng6+ 1-0

[Event "Bykova Memorial 4th"]
[Site "Vladimir"]
[Date "2006.12.21"]
[Round "12"]
[White "Lavretzkij, Roman"]
[Black "Samsonkin, Artiom"]
[Result "1/2-1/2"]
[WhiteElo "2352"]
[BlackElo "2362"]
[WhiteFideId "-1"]
[WhiteFideId "-1"]
[PlyCount "41"]
[GameId "1292054103904256"]
[EventDate "2006.12.14"]
[EventType "tourn"]
[EventRounds "14"]
[EventCountry "RUS"]
[EventCategory "1"]
[SourceTitle "EXT 2019"]
[Source "ChessBase"]
[SourceDate "2018.10.10"]
[SourceVersion "1"]
[SourceVersionDate "2018.10.10"]
[SourceQuality "1"]

1. d4 Nf6 2. c4 g6 3. Nc3 Bg7 4. e4 d6 5. Nf3 O-O 6. Be2 e5 7. O-O Nc6 8. d5 Ne7 9. Ne1 Nd7 10. Be3 f5 11. f3 f4 12. Bf2 g5 13. b4 Nf6 14. a4 h5 15. Nd3 g4 16. c5 Ng6 17. Qb3 g3 18. hxg3 fxg3 19. Bxg3 h4 20. Bf2 Nh5 21. cxd6 1/2-1/2

[Event "Bykova Memorial 4th"]
[Site "Vladimir"]
[Date "2006.12.22"]
[Round "14"]
[White "Samsonkin, Artiom"]
[Black "Kashlinskaya, Alina"]
[Result "1-0"]
[WhiteElo "2362"]
[BlackElo "2121"]
[WhiteFideId "-1"]
[WhiteFideId "-1"]
[PlyCount "53"]
[GameId "1292054103957504"]
[EventDate "2006.12.14"]
[EventType "tourn"]
[EventRounds "14"]
[EventCountry "RUS"]
[EventCategory "1"]
[SourceTitle "EXT 2019"]
[Source "ChessBase"]
[SourceDate "2018.10.10"]
[SourceVersion "1"]
[SourceVersionDate "2018.10.10"]
[SourceQuality "1"]

1. e4 c5 2. Nf3 Nc6 3. b3 e6 4. Bb2 d5 5. exd5 exd5 6. Bb5 Nf6 7. Qe2+ Qe7 8. Ne5 Bd7 9. O-O Nxe5 10. Bxe5 a6 11. Bd3 Ng4 12. Bb2 Qxe2 13. Bxe2 O-O-O 14. d4 f6 15. Rd1 Be6 16. h3 Nh6 17. Nc3 b5 18. dxc5 Bxc5 19. a4 d4 20. Ne4 Bb6 21. axb5 a5 22. Ba3 Kb8 23. Bc5 Bxc5 24. Nxc5 Bf5 25. Rxa5 Bxc2 26. Rda1 Rc8 27. b6 1-0

[Event "Bykova Memorial 4th"]
[Site "Vladimir"]
[Date "2006.12.23"]
[Round "15"]
[White "Belous, Vladimir"]
[Black "Samsonkin, Artiom"]
[Result "1/2-1/2"]
[WhiteElo "2251"]
[BlackElo "2362"]
[WhiteFideId "-1"]
[WhiteFideId "-1"]
[PlyCount "20"]
[GameId "1292054103961600"]
[EventDate "2006.12.14"]
[EventType "tourn"]
[EventRounds "14"]
[EventCountry "RUS"]
[EventCategory "1"]
[SourceTitle "EXT 2019"]
[Source "ChessBase"]
[SourceDate "2018.10.10"]
[SourceVersion "1"]
[SourceVersionDate "2018.10.10"]
[SourceQuality "1"]

1. d4 Nf6 2. c4 g6 3. Nc3 Bg7 4. e4 d6 5. Nf3 O-O 6. Be2 e5 7. O-O Na6 8. Be3 Ng4 9. Bg5 Qe8 10. h3 Nf6 1/2-1/2

[Event "Champions Challenge 144th"]
[Site "Playchess.com INT"]
[Date "2006.04.29"]
[Round "1.1"]
[White "Bykhovsky, Anatoly"]
[Black "Samsonkin, Artiom"]
[Result "1-0"]
[WhiteElo "2383"]
[BlackElo "2368"]
[WhiteFideId "-1"]
[WhiteFideId "-1"]
[PlyCount "41"]
[GameId "1166648348651520"]
[EventDate "2006.04.29"]
[EventType "k.o. (blitz)"]
[EventRounds "5"]
[EventCountry "GER"]
[SourceTitle "EXT 2007"]
[Source "ChessBase"]
[SourceDate "2006.11.23"]
[SourceVersion "1"]
[SourceVersionDate "2006.11.23"]
[SourceQuality "1"]

1. d4 Nf6 2. c4 g6 3. f3 Bg7 4. e4 d6 5. Nc3 Nc6 6. Be3 O-O 7. Nge2 a6 8. Qd2 Rb8 9. Rc1 Bd7 10. Nd1 b5 11. c5 dxc5 12. Rxc5 e6 13. g3 Qe7 14. Rc1 Ne8 15. Bg2 Nd6 16. b3 Rbc8 17. O-O a5 18. f4 Rfd8 19. e5 Nf5 20. Bxc6 Bxc6 21. Rxc6 1-0

[Event "Champions Challenge 144th"]
[Site "Playchess.com INT"]
[Date "2006.04.29"]
[Round "1.2"]
[White "Samsonkin, Artiom"]
[Black "Bykhovsky, Anatoly"]
[Result "1/2-1/2"]
[WhiteElo "2362"]
[BlackElo "2383"]
[WhiteFideId "-1"]
[WhiteFideId "-1"]
[PlyCount "120"]
[GameId "1166648348672000"]
[EventDate "2006.04.29"]
[EventType "k.o. (blitz)"]
[EventRounds "5"]
[EventCountry "GER"]
[SourceTitle "EXT 2007"]
[Source "ChessBase"]
[SourceDate "2006.11.23"]
[SourceVersion "1"]
[SourceVersionDate "2006.11.23"]
[SourceQuality "1"]

1. e4 e6 2. d4 d5 3. e5 c5 4. c3 Ne7 5. Nf3 Nec6 6. Be3 b6 7. Bd3 Ba6 8. O-O Bxd3 9. Qxd3 Be7 10. Nfd2 Qc8 11. f4 g6 12. a3 Qa6 13. Qxa6 Nxa6 14. b4 cxd4 15. cxd4 Nc7 16. Nc3 Kd7 17. Rfc1 Rac8 18. Rc2 a5 19. b5 Na7 20. a4 Na8 21. Rac1 Bb4 22. Nb3 h5 23. Na2 Ba3 24. Rxc8 Rxc8 25. Rxc8 Nxc8 26. Kf2 Ne7 27. Ke2 Nf5 28. Kd3 Nc7 29. Nc3 Ne8 30. Nd1 Neg7 31. g3 Be7 32. Nf2 Kc7 33. Nh3 Ne8 34. Ng5 Bxg5 35. fxg5 Neg7 36. Bf4 Ne8 37. h3 Kb7 38. Nc1 Neg7 39. Ne2 Kc7 40. Bd2 Kd7 41. Be1 Kc7 42. g4 hxg4 43. hxg4 Ne7 44. Nf4 Kb7 45. Bd2 Kc7 46. Bc1 Ne8 47. Ba3 Nc8 48. Bf8 Kd7 49. Ba3 Nc7 50. Bf8 Na7 51. Nh5 Ne8 52. Nf6+ Kd8 53. Ba3 Nc8 54. Ke3 Nc7 55. Bf8 Ne8 56. Ba3 Nc7 57. Ng8 Ke8 58. Nh6 Na8 59. Ng8 Nc7 60. Nf6+ Kd8 1/2-1/2

[Event "Champions Challenge 139th"]
[Site "Playchess.com INT"]
[Date "2006.03.25"]
[Round "1.1"]
[White "Bryzgalin, Kirill"]
[Black "Samsonkin, Artiom"]
[Result "1-0"]
[WhiteElo "2474"]
[BlackElo "2546"]
[WhiteFideId "-1"]
[WhiteFideId "-1"]
[PlyCount "105"]
[GameId "1166648264212480"]
[EventDate "2006.03.25"]
[EventType "k.o. (blitz)"]
[EventRounds "5"]
[EventCountry "GER"]
[SourceTitle "EXT 2007"]
[Source "ChessBase"]
[SourceDate "2006.11.23"]
[SourceVersion "1"]
[SourceVersionDate "2006.11.23"]
[SourceQuality "1"]

1. e4 e6 2. d4 d5 3. Nd2 c5 4. exd5 exd5 5. Ngf3 cxd4 6. Be2 Nc6 7. O-O Bd6 8. Nb3 Nge7 9. Nbxd4 O-O 10. Nxc6 bxc6 11. c4 Qc7 12. Bg5 f6 13. Bh4 Nf5 14. Bg3 Nxg3 15. hxg3 Be6 16. Rc1 dxc4 17. Bxc4 Bxc4 18. Rxc4 Rad8 19. Qa4 c5 20. Rfc1 Qb7 21. R4c2 Kh8 22. Nd2 Qb4 23. Qxb4 cxb4 24. Nc4 Bc7 25. Kf1 Kg8 26. Rd2 a5 27. Ke2 Rfe8+ 28. Kf3 h5 29. Rxd8 Rxd8 30. Rc2 Re8 31. Re2 Rxe2 32. Kxe2 Kf7 33. Kf3 Ke6 34. Ke4 Be5 35. b3 f5+ 36. Kd3 Bc7 37. Kd4 g5 38. Kc5 g4 39. Kc6 Bd8 40. Kb5 Kd5 41. Nxa5 f4 42. Nc6 h4 43. gxh4 Bxh4 44. f3 gxf3 45. gxf3 Be1 46. Nxb4+ Bxb4 47. Kxb4 Kd4 48. a4 Ke3 49. a5 Kxf3 50. a6 Ke2 51. a7 f3 52. a8=Q f2 53. Qe4+ 1-0

[Event "Champions Challenge 139th"]
[Site "Playchess.com INT"]
[Date "2006.03.25"]
[Round "1.3"]
[White "Bryzgalin, Kirill"]
[Black "Samsonkin, Artiom"]
[Result "1-0"]
[WhiteElo "2474"]
[BlackElo "2568"]
[WhiteFideId "-1"]
[WhiteFideId "-1"]
[PlyCount "73"]
[GameId "1166648264245248"]
[EventDate "2006.03.25"]
[EventType "k.o. (blitz)"]
[EventRounds "5"]
[EventCountry "GER"]
[SourceTitle "EXT 2007"]
[Source "ChessBase"]
[SourceDate "2006.11.23"]
[SourceVersion "1"]
[SourceVersionDate "2006.11.23"]
[SourceQuality "1"]

1. e4 c5 2. Nf3 d6 3. Bb5+ Bd7 4. Bxd7+ Nxd7 5. O-O Ngf6 6. Re1 e6 7. b3 Be7 8. Bb2 O-O 9. d4 cxd4 10. Nxd4 a6 11. c4 Qc7 12. Nc3 Rac8 13. h3 Qb8 14. Qe2 Rfe8 15. Qf1 g6 16. Rad1 Bf8 17. f4 e5 18. fxe5 dxe5 19. Nf3 Bg7 20. Qf2 b5 21. cxb5 axb5 22. Nd5 Bf8 23. Nxf6+ Nxf6 24. Kh1 Bc5 25. Qh4 Nh5 26. Rd7 Rc7 27. Bxe5 Rxd7 28. Bxb8 Rxb8 29. e5 Rbd8 30. Qg4 Rd1 31. Rxd1 Rxd1+ 32. Kh2 Bf2 33. Qc8+ Kg7 34. g4 Nf4 35. Qc6 Rd3 36. Qf6+ Kg8 37. Qxf4 1-0

[Event "Champions Challenge 113th"]
[Site "Playchess.com INT"]
[Date "2005.09.24"]
[Round "1.1"]
[White "Samsonkin, Artiom"]
[Black "Essing, Arnold"]
[Result "0-1"]
[WhiteElo "2530"]
[BlackElo "2278"]
[WhiteFideId "-1"]
[WhiteFideId "-1"]
[PlyCount "114"]
[GameId "1166647794278400"]
[EventDate "2005.09.24"]
[EventType "k.o. (blitz)"]
[EventRounds "5"]
[EventCountry "GER"]
[SourceTitle "EXT 2007"]
[Source "ChessBase"]
[SourceDate "2006.11.23"]
[SourceVersion "1"]
[SourceVersionDate "2006.11.23"]
[SourceQuality "1"]

1. e4 Nf6 2. e5 Nd5 3. d4 d6 4. Nf3 g6 5. Be2 Bg7 6. O-O O-O 7. c4 Nb6 8. exd6 cxd6 9. Nc3 Bg4 10. Be3 Nc6 11. b3 e5 12. d5 Ne7 13. Qd2 f5 14. Bh6 e4 15. Nd4 Bxe2 16. Bxg7 Bxf1 17. Ne6 Qd7 18. Bxf8 Bd3 19. Qh6 Nec8 20. c5 dxc5 21. Bxc5 Qf7 22. Bd4 Nd6 23. Ng5 Qd7 24. a4 Rc8 25. a5 Na8 26. h4 f4 27. h5 Nf5 28. hxg6 Nxh6 29. gxh7+ Qxh7 30. Nxh7 Kxh7 31. d6 Nf5 32. Be5 Nxd6 33. Nd5 Nf7 34. Bxf4 b6 35. a6 Rd8 36. Nf6+ Kg6 37. Ng4 b5 38. Rc1 Nb6 39. Rc7 Rd7 40. Rxd7 Nxd7 41. Be3 b4 42. Bxa7 Bxa6 43. Bd4 Bd3 44. Ne3 Nfe5 45. Bxe5 Nxe5 46. f4 Nc6 47. g4 Nd4 48. f5+ Kg5 49. Kf2 Nxb3 50. Nd5 Nd4 51. f6 Kg6 52. f7 Kg7 53. Ke3 b3 54. Kxd4 b2 55. Nc3 Kxf7 56. g5 Kg6 57. Ke3 Kxg5 0-1

[Event "Serpukhov-D"]
[Site "Serpukhov"]
[Date "2004.08.30"]
[Round "7"]
[White "Samsonkin, Artiom"]
[Black "Fatianova, Tatiana"]
[Result "1-0"]
[WhiteElo "2201"]
[BlackElo "2278"]
[WhiteFideId "-1"]
[WhiteFideId "-1"]
[PlyCount "79"]
[GameId "1166646716608512"]
[EventDate "2004.08.26"]
[EventType "tourn"]
[EventRounds "13"]
[EventCountry "RUS"]
[SourceTitle "EXT 2006"]
[Source "ChessBase"]
[SourceDate "2005.11.24"]
[SourceVersion "1"]
[SourceVersionDate "2005.11.24"]
[SourceQuality "1"]

1. e4 e5 2. f4 Bc5 3. Nf3 d6 4. c3 Bg4 5. h3 Bxf3 6. Qxf3 Nf6 7. d3 Nc6 8. f5 d5 9. Bg5 dxe4 10. dxe4 Qd6 11. Nd2 h6 12. Bh4 O-O-O 13. O-O-O Qe7 14. Be2 Rhf8 15. Rhf1 Bb6 16. Kb1 Nb8 17. Nc4 Nbd7 18. g4 g5 19. fxg6 fxg6 20. Qg2 g5 21. Bg3 Qc5 22. Rf5 Rde8 23. Rdf1 Qc6 24. Bd3 Bc5 25. Nxe5 Qd6 26. Bb5 Rxe5 27. Bxe5 Nxe5 28. Qh2 Ned7 29. Qxd6 Bxd6 30. e5 Bxe5 31. Bxd7+ Nxd7 32. Rxf8+ Nxf8 33. Rxf8+ Kd7 34. Kc2 Ke6 35. Kd3 a5 36. Ke4 Bg7 37. Rg8 Bf6 38. Rg6 Kf7 39. Rxh6 Kg7 40. Kf5 1-0

[Event "Wch U12"]
[Site "Oropesa del Mar"]
[Date "2001.10.23"]
[Round "9"]
[White "Howell, David"]
[Black "Samsonkin, Artiom"]
[Result "1/2-1/2"]
[WhiteElo "2170"]
[BlackElo "2155"]
[WhiteFideId "-1"]
[WhiteFideId "-1"]
[PlyCount "85"]
[GameId "1166643963592704"]
[EventDate "2001.10.21"]
[EventType "swiss"]
[EventRounds "11"]
[EventCountry "ESP"]
[SourceTitle "EXT 2002"]
[Source "ChessBase"]
[SourceDate "2001.11.25"]
[SourceVersion "1"]
[SourceVersionDate "2001.11.25"]
[SourceQuality "1"]

1. e4 Nf6 2. e5 Nd5 3. d4 d6 4. c4 Nb6 5. exd6 cxd6 6. Nc3 g6 7. Be3 Bg7 8. Rc1 O-O 9. b3 Nc6 10. d5 Ne5 11. Be2 Re8 12. f4 Ned7 13. Nf3 Nf6 14. Bd4 e6 15. dxe6 Bxe6 16. O-O Nbd7 17. Ng5 Nf8 18. Bf3 Qd7 19. Nce4 Nxe4 20. Nxe4 Bf5 21. Bxg7 Bxe4 22. Ba1 Qc6 23. Qd4 Qc5 24. Rcd1 Bxf3 25. Rxf3 Re4 26. Qxc5 dxc5 27. Be5 Rc8 28. Rfd3 f6 29. Bxf6 Rxf4 30. Rf1 Rxf1+ 31. Kxf1 Kf7 32. Bh4 Rc7 33. Bg3 Rd7 34. Ke2 Rxd3 35. Kxd3 Ke6 36. Ke4 Nd7 37. Bh4 Nb8 38. Bf2 Kd7 39. Kf4 h6 40. h3 Ke6 41. Ke4 Kf6 42. Kf4 Ke6 43. Ke4 1/2-1/2

[Event "Titled Tuesday 2025.04.01 Early"]
[Site "Chess.com INT"]
[Date "2025.04.01"]
[Round "1"]
[White "Azamikia, Mehran"]
[Black "Samsonkin, Artiom"]
[Result "0-1"]
[WhiteElo "2130"]
[BlackElo "2361"]
[WhiteFideId "-1"]
[WhiteFideId "-1"]
[PlyCount "90"]
[GameId "2164112861767866"]
[EventDate "2025.04.01"]
[EventType "swiss (blitz)"]
[EventRounds "11"]
[EventCountry "NET"]
[SourceTitle "Mega2025 Update 23"]
[Source "Chessbase"]
[SourceDate "2025.04.17"]
[SourceVersion "1"]
[SourceVersionDate "2025.04.17"]
[SourceQuality "1"]

1. d4 Nf6 2. Nf3 b6 3. g3 Bb7 4. Bg2 g6 5. O-O Bg7 6. Re1 O-O 7. b3 c5 8. Bb2 cxd4 9. Bxd4 d6 10. c4 Nbd7 11. Nbd2 e5 12. Bb2 d5 13. cxd5 Nxd5 14. Nc4 Qe7 15. e4 Nb4 16. a3 Nc6 17. Qd6 Nc5 18. b4 Na4 19. Qxe7 Nxe7 20. Ncxe5 Nxb2 21. Rac1 Rac8 22. b5 Rxc1 23. Rxc1 Rc8 24. Rxc8+ Bxc8 25. Nc6 Nxc6 26. bxc6 Kf8 27. Bf1 Ke7 28. h4 Kd6 29. Ng5 Be6 30. Bb5 h6 31. Nf3 a6 32. Bxa6 Kxc6 33. h5 g5 34. Nd2 b5 35. f4 gxf4 36. gxf4 Kb6 37. f5 Bd7 38. Bxb5 Kxb5 39. Kf2 Nc4 40. Nf3 Bc6 41. a4+ Kxa4 42. e5 Bxf3 43. f6 Bxf6 44. exf6 Bxh5 45. Kg3 Bg6 0-1

[Event "Titled Tuesday 2025.04.01 Early"]
[Site "Chess.com INT"]
[Date "2025.04.01"]
[Round "2"]
[White "Samsonkin, Artiom"]
[Black "Yildiz, Serdar Murat"]
[Result "0-1"]
[WhiteElo "2361"]
[BlackElo "2261"]
[WhiteFideId "-1"]
[WhiteFideId "-1"]
[PlyCount "92"]
[GameId "2164112861891038"]
[EventDate "2025.04.01"]
[EventType "swiss (blitz)"]
[EventRounds "11"]
[EventCountry "NET"]
[SourceTitle "Mega2025 Update 23"]
[Source "Chessbase"]
[SourceDate "2025.04.17"]
[SourceVersion "1"]
[SourceVersionDate "2025.04.17"]
[SourceQuality "1"]

1. e4 c5 2. Nf3 e6 3. d4 cxd4 4. Nxd4 Nc6 5. Nc3 Qc7 6. a3 a6 7. Be3 b5 8. Be2 Bb7 9. O-O Nf6 10. Nxc6 Bxc6 11. f3 Bd6 12. f4 Nxe4 13. Nxe4 Bxe4 14. Qd4 Bc6 15. Rad1 Be7 16. f5 Bf6 17. Qd2 O-O 18. Bg5 Bxg5 19. Qxg5 f6 20. Qh4 Qb6+ 21. Kh1 Qe3 22. Bf3 exf5 23. Bxc6 dxc6 24. Rxf5 Rad8 25. Re1 Rfe8 26. Rff1 Qc5 27. c3 Qd6 28. h3 Re5 29. Qg4 Rde8 30. Rxe5 Qxe5 31. Rd1 h5 32. Qd7 Re6 33. Qc8+ Kh7 34. Qxa6 Qe2 35. Rg1 Qxb2 36. Qc8 Qe2 37. Qd7 Qe4 38. Qf7 Re5 39. Rd1 Rg5 40. Rg1 Rg3 41. Kh2 Rg5 42. Qd7 Qe5+ 43. Kh1 Qxc3 44. Qf7 Qxa3 45. h4 Re5 46. Rd1 Qg3 0-1

[Event "Titled Tuesday 2025.04.01 Early"]
[Site "Chess.com INT"]
[Date "2025.04.01"]
[Round "3"]
[White "Gutierrez Olivares, Daniel"]
[Black "Samsonkin, Artiom"]
[Result "0-1"]
[WhiteElo "2354"]
[BlackElo "2361"]
[WhiteFideId "-1"]
[WhiteFideId "-1"]
[PlyCount "80"]
[GameId "2164112862001924"]
[EventDate "2025.04.01"]
[EventType "swiss (blitz)"]
[EventRounds "11"]
[EventCountry "NET"]
[SourceTitle "Mega2025 Update 23"]
[Source "Chessbase"]
[SourceDate "2025.04.17"]
[SourceVersion "1"]
[SourceVersionDate "2025.04.17"]
[SourceQuality "1"]

1. Nf3 Nf6 2. g3 b5 3. Bg2 Bb7 4. O-O e6 5. a4 b4 6. c3 a5 7. d3 c5 8. Nbd2 d5 9. Re1 Be7 10. Qc2 O-O 11. e4 Nc6 12. e5 Nd7 13. Nf1 bxc3 14. bxc3 d4 15. c4 Nb4 16. Qe2 Kh8 17. h4 f6 18. exf6 Bxf6 19. N1h2 e5 20. Ng5 Bxg2 21. Kxg2 Bxg5 22. Bxg5 Qc7 23. Ng4 Qc6+ 24. Kh2 Qg6 25. Rad1 h6 26. Bc1 h5 27. Nxe5 Nxe5 28. Qxe5 Rae8 29. Qg5 Qxg5 30. Bxg5 Rxe1 31. Rxe1 Nxd3 32. Re7 Rxf2+ 33. Kg1 Rc2 34. Rc7 Rxc4 35. Be7 Rxa4 36. Bf8 g6 37. Bg7+ Kg8 38. Bf6 Ra2 39. Kf1 a4 40. Kg1 a3 0-1

[Event "Titled Tuesday 2025.04.01 Early"]
[Site "Chess.com INT"]
[Date "2025.04.01"]
[Round "4"]
[White "Samsonkin, Artiom"]
[Black "Perossa, Nicolas"]
[Result "1-0"]
[WhiteElo "2361"]
[BlackElo "2244"]
[WhiteFideId "-1"]
[WhiteFideId "-1"]
[PlyCount "47"]
[GameId "2164112862075842"]
[EventDate "2025.04.01"]
[EventType "swiss (blitz)"]
[EventRounds "11"]
[EventCountry "NET"]
[SourceTitle "Mega2025 Update 23"]
[Source "Chessbase"]
[SourceDate "2025.04.17"]
[SourceVersion "1"]
[SourceVersionDate "2025.04.17"]
[SourceQuality "1"]

1. d4 Nf6 2. c4 e6 3. Nf3 d5 4. cxd5 exd5 5. Nc3 c6 6. Bg5 Be7 7. e3 O-O 8. Bd3 Nbd7 9. O-O h6 10. Bf4 Nh5 11. Be5 Nhf6 12. Qc2 Nxe5 13. dxe5 Nd7 14. Rad1 Qc7 15. Nxd5 Qd8 16. Nf4 Qe8 17. Bh7+ Kh8 18. e6 Nc5 19. exf7 Qxf7 20. Ne5 Qf6 21. Nfg6+ Kxh7 22. Nxf8+ Kg8 23. Qh7+ Kxf8 24. Qh8# 1-0

[Event "Titled Tuesday 2025.04.01 Early"]
[Site "Chess.com INT"]
[Date "2025.04.01"]
[Round "5"]
[White "Przybylski, Bartosz1"]
[Black "Samsonkin, Artiom"]
[Result "0-1"]
[WhiteElo "2141"]
[BlackElo "2361"]
[WhiteFideId "-1"]
[WhiteFideId "-1"]
[PlyCount "46"]
[GameId "2164112862186702"]
[EventDate "2025.04.01"]
[EventType "swiss (blitz)"]
[EventRounds "11"]
[EventCountry "NET"]
[SourceTitle "Mega2025 Update 23"]
[Source "Chessbase"]
[SourceDate "2025.04.17"]
[SourceVersion "1"]
[SourceVersionDate "2025.04.17"]
[SourceQuality "1"]

1. e4 e6 2. d4 d5 3. e5 c5 4. c3 Nc6 5. Nf3 Bd7 6. Bd3 cxd4 $1 {6...cxd4 scores better than 6...Qb6. 6...cxd4 punktet besser als 6...Db6.} 7. O-O dxc3 8. Nxc3 a6 9. Re1 Bc5 10. a3 Nge7 11. h4 $146 (11. b4 Ba7 12. Bb2 Ng6 13. Rc1 O-O 14. Na4 Qe7 15. Nc5 Bxc5 16. bxc5 Rfc8 17. h4 {0-1 Arnold,M (2348)-Buhmann,R (2580) Oberliga Baden 2122 Germany 2021 (10.2)}) 11... h6 12. h5 O-O 13. Bf4 f6 14. Qd2 fxe5 15. Nxe5 Nxe5 16. Bxe5 Rxf2 17. Qxf2 Bxf2+ 18. Kxf2 Nc6 19. Bf4 Qh4+ 20. g3 Qh2+ 21. Kf3 e5 22. Rh1 e4+ 23. Ke3 Qxb2 0-1

[Event "Titled Tuesday 2025.04.01 Early"]
[Site "Chess.com INT"]
[Date "2025.04.01"]
[Round "6"]
[White "Tang, Andrew"]
[Black "Samsonkin, Artiom"]
[Result "1-0"]
[WhiteElo "2529"]
[BlackElo "2361"]
[WhiteFideId "-1"]
[WhiteFideId "-1"]
[PlyCount "99"]
[GameId "2164112862346851"]
[EventDate "2025.04.01"]
[EventType "swiss (blitz)"]
[EventRounds "11"]
[EventCountry "NET"]
[SourceTitle "Mega2025 Update 23"]
[Source "Chessbase"]
[SourceDate "2025.04.17"]
[SourceVersion "1"]
[SourceVersionDate "2025.04.17"]
[SourceQuality "1"]

1. d4 d5 2. Bf4 Nf6 3. e3 c5 4. dxc5 e6 5. b4 a5 6. c3 Nc6 7. Bb5 Bd7 8. Qb3 Nh5 9. Ne2 Nxf4 10. Nxf4 g6 11. Nd2 Bg7 12. Rc1 O-O 13. a4 d4 14. cxd4 Nxb4 15. Nc4 e5 16. dxe5 Bxb5 17. axb5 g5 18. Rd1 Qe8 19. Nh5 Qxb5 20. Nxg7 Kxg7 21. O-O a4 22. Qc3 Qxc5 23. e6+ Kg8 24. Qf6 fxe6 25. Qxe6+ Kh8 26. Nd6 Qc7 27. Qe5+ Qg7 28. Qb5 Nc6 29. Rd5 Ra5 30. Qc4 Rxd5 31. Qxd5 a3 32. Qb3 Qf6 33. Qxa3 Ne5 34. Ne4 Qf5 35. Ng3 Qf6 36. Qb3 b6 37. Ne4 Qf5 38. Nd6 Qg4 39. Qd5 Nf3+ 40. Kh1 Nh4 41. h3 Qh5 42. Qd4+ Kg8 43. Qxb6 Qg6 44. Qd4 h5 45. Ne4 g4 46. Ng3 gxh3 47. Qxh4 hxg2+ 48. Kxg2 Rf5 49. Qe4 Rxf2+ 50. Rxf2 1-0

[Event "Titled Tuesday 2025.04.01 Early"]
[Site "Chess.com INT"]
[Date "2025.04.01"]
[Round "7"]
[White "Samsonkin, Artiom"]
[Black "Mladenovic, Stefan"]
[Result "1-0"]
[WhiteElo "2361"]
[BlackElo "2346"]
[WhiteFideId "-1"]
[WhiteFideId "-1"]
[PlyCount "115"]
[GameId "2164112862486373"]
[EventDate "2025.04.01"]
[EventType "swiss (blitz)"]
[EventRounds "11"]
[EventCountry "NET"]
[SourceTitle "Mega2025 Update 23"]
[Source "Chessbase"]
[SourceDate "2025.04.17"]
[SourceVersion "1"]
[SourceVersionDate "2025.04.17"]
[SourceQuality "1"]

1. e4 c5 2. Nf3 d6 3. d4 cxd4 4. Qxd4 a6 5. Be2 Nc6 6. Qe3 Nf6 7. O-O g6 8. h3 Bg7 9. c4 O-O 10. Nc3 Nd7 11. Rd1 Nc5 12. Rb1 a5 13. b3 f5 14. Bb2 fxe4 15. Ng5 Bh6 16. Qg3 Bf5 17. Qh4 Bxg5 18. Qxg5 e5 19. Qxd8 Raxd8 20. g4 Be6 21. Nb5 Nb4 22. Nxd6 Nbd3 23. Ba3 b6 24. Nxe4 Nf4 25. Nxc5 Nxe2+ 26. Kf1 bxc5 27. Kxe2 h5 28. Bxc5 Rxd1 29. Rxd1 Rc8 30. Bb6 hxg4 31. hxg4 a4 32. f3 axb3 33. axb3 Rb8 34. Rd6 Kf7 35. Ke3 Ke7 36. Bc5 Kf7 37. Rd3 Rc8 38. Bd6 e4 39. Kxe4 Re8 40. Kf4 Rd8 41. Ke3 Re8 42. Kd2 Rc8 43. Kc3 Ra8 44. b4 Ra1 45. Kd4 Rc1 46. Rc3 Rxc3 47. Kxc3 Ke8 48. b5 Kd7 49. Be5 Kc8 50. Kb4 Kb7 51. c5 Bd5 52. f4 Bf3 53. f5 gxf5 54. gxf5 Bd5 55. f6 Kc8 56. c6 Kd8 57. Kc5 Be4 58. b6 1-0